| 000 | 00645nam a2200157Ia 4500 | ||
|---|---|---|---|
| 003 | GCL | ||
| 008 | 140319s9999 xx 000 0 ara d | ||
| 040 |
_aGCL / _cGCL |
||
| 082 | 0 | 4 |
_a355.02 _bب ا |
| 100 | 1 | _aبالدوين، هانسون و. | |
| 245 | 1 | 0 |
_aاستراتيجية للغد : _bالاستراتيجية الامريكية فى السبعينات والثمانينات وحتى سنة 2000 / _cبالدوين، هانسون و. |
| 260 |
_aالقاهرة : _bمكتبة الانجلوالمصرية |
||
| 300 |
_a350 ص ؛ _c24 سم |
||
| 650 | 0 | 4 | _aالولايات المتحدة الامريكية - تاريخ |
| 942 |
_2ddc _cBK |
||
| 999 |
_c3073 _d3073 |
||